[Event "Santa Monica"]
[Site "Santa Monica"]
[Date "2004.05.19"]
[Round "9"]
[White "Mikhalevski, Victor"]
[Black "Pruess, David"]
[Result "1-0"]
[WhiteElo "2550"]
[BlackElo "2376"]
[Annotator "Mikhalevski,V"]
[PlyCount "69"]
[EventDate "2004.05.11"]
[EventType "tourn"]
[EventRounds "9"]
[EventCountry "USA"]
[EventCategory "9"]
[SourceTitle "CBM 102"]
[Source "ChessBase"]
[SourceDate "2004.09.23"]
[SourceVersion "1"]
[SourceVersionDate "2004.09.23"]
[SourceQuality "1"]

1. d4 e6 2. c4 Nf6 3. g3 c5 4. d5 exd5 5. cxd5 d6 6. Nc3 g6 7. Bg2 Bg7 8. Nf3
O-O 9. O-O a6 10. a4 Re8 11. Nd2 Nbd7 12. h3 Rb8 13. Nc4 Ne5 (13... Nb6 {
is the main alternative.}) 14. Na3 Nh5 15. e4 Bd7 {For some reason this
variation with very good results for Black is still in the shadow of 15...Rf8.
Black's idea is very simple- he prepares b5.} (15... Rf8 {considered to be the
main move since Korchnoi -Kasparov, Luzern ol 1982}) 16. g4 $2 {The main
drawback of the move is that it doesn't stop b5.} ({Usually White stops b5 with
} 16. a5 $5 Qxa5 17. g4 Nf6 18. g5 (18. f4) 18... Nh5 19. f4) 16... Qh4 $2 {
It was unnecessary to sacrifice a piece.} ({Much simplier and better was} 16...
b5 $1 {Now after} 17. axb5 axb5 18. Nc2 (18. Naxb5 Bxb5 19. Nxb5 Rxb5 20. gxh5
Qb6 21. Ra4 Rb3 22. Ra6 Qxa6 23. Qxb3 Nd3 24. Bd2 Bxb2 25. Bc3 Bxc3 26. Qxc3
Nf4 $17 {0-1 Shaginjan,A-Markarov,A/Krasnodar 2001/EXT 2002 (35)}) ({or} 18.
gxh5 b4) 18... b4 19. Ne2 Nf6 20. g5 Nh5 21. f4 Nc4 22. Rb1 Bb5 23. b3 Na3 24.
Bxa3 bxa3 25. Nxa3 Bxe2 26. Qxe2 Ng3 $19 {Black won an exchange and eventually
won the game. Akopian-Marin, Moscow ol 94.}) ({Also a typical double sacrifice
doesn't seem to work here-} 16... Bxg4 $2 17. hxg4 Qh4 18. gxh5 Ng4 19. Bf4 Be5
20. Qd2) (16... Nf6 {allows to transpose into 16. a5.} 17. a5 Qxa5 18. g5 (18.
f4 Nexg4 19. hxg4 Nxg4 20. Nc2 Qd8 $13 {0-1 Lakhno,K-Slizhevsky,A/Cherepovets
2001/EXT 2002 (56)}) 18... Nh5 19. f4 {-16.a5}) {I saw nothing wrong with} 17.
gxh5 {and so accepted the sacrifice.} (17. Re1 $2 {is wrong for the same
reason as 16.g4- it doesn't stop b5.} b5 18. axb5 axb5 19. Naxb5 Bxb5 20. Nxb5
Rxb5 21. gxh5 Reb8 22. Ra6 Nc4 23. hxg6 hxg6 24. Qc2 Rxb2 $1 {0-1 Seres,
L-Horvath,G/Balatonbereny 1995/CBM 49 ext (30) and Black wins.}) 17... Bxh3 18.
Qe2 $5 {It's useful to cover second rank and also to be ready to meet Bd4+
with Be3 when necessary.} ({After inaccurate} 18. h6 $2 {Black would show his
hidden threat-} Bg4 $1 {Suddenly White finds himself in a lost position. The
queen cannot move in view of Nf3+ while after} 19. f3 {Black comes with} Nxf3+
$1 20. Rxf3 Bd4+ 21. Kf1 Qh2 $1 {and wins.}) 18... f5 $5 {Black's trying to
open the position to exploit the white king.} ({Now in case of} 18... Bg4 19.
f3 $1 ({But not} 19. Qe3 $6 Qxh5 20. Qg5 Qxg5 21. Bxg5 Nf3+ 22. Bxf3 Bxf3)
19... Nxf3+ $2 {doesn't work} (19... Bxh5 $142 20. Qd2 {with the ideas Qf4 and
Qg5.}) 20. Rxf3 Bd4+ 21. Be3 {This is one of the reason for 18 Qe2.}) ({
In the only preceding game Black tested} 18... Ng4 {and after inaccurate} 19.
Qf3 $6 (19. Bf4 $142) 19... Bxg2 20. Qxg2 Bxc3 21. bxc3 Rxe4 {Black obtained a
good compensation for the sacrificed piece.} 22. f3 Rxa4 23. Nc2 Rxa1 24. Nxa1
Ne5 25. hxg6 fxg6 $13 {1/2-1/2 Taylor,G-Kopec,D/Ottawa 1984/MCD (86). (86)})
19. Qe3 {White forces exchange of the light-squared bishops and also stops f4.}
(19. hxg6 {deserved serious attention.} Nxg6 (19... hxg6 {leads to a better
version of the current game.}) 20. Qf3 Bxg2 21. Qxg2 fxe4 22. Nc4) 19... Bxg2
20. Kxg2 Qxh5 $1 {Before this move I was quite optimistic about my position,
but here I've realized that it's not simple at all. After about 40-minute
thought I've commited the following mistake.} 21. f3 $6 {This move allows to
force a draw by perpetual.} ({Probably I had to try} 21. Rh1 $5 Qg4+ 22. Qg3
fxe4 23. Qxg4 Nxg4 24. Nc4 $1 {and despite three pawns for a piece White seems
to have a clear advantage.}) (21. Qh3 $6 {offers Black serious counterplay.}
Qxh3+ 22. Kxh3 fxe4 $1 23. Nxe4 Nd3 $1 {[%cal Gd3c1]}) ({And finally} 21. Qg3
$6 {is dangerous in view of} fxe4 22. Nxe4 Nf7 $5 (22... Ng4 $5 23. f3 $140 (
23. Re1 {Fritz 8}) 23... Nf6)) 21... b5 {Although it doesn't miss a draw Black
had a simplier way to equality.} (21... fxe4 $1 22. fxe4 (22. Nxe4 $6 Ng4 23.
Qf4 Rxe4 $3 24. fxe4 Rf8 25. Qg3 Rxf1 26. Kxf1 Qh1+ 27. Ke2 Qxe4+ 28. Kd1 Be5
$36) 22... b5 $1 23. axb5 axb5 24. Naxb5 Rxb5 25. Nxb5 Qg4+ 26. Kh2 Qh5+ {
and White can't avoid perpetual without giving up the b5-knight which is more
than dangerous for White.}) 22. axb5 axb5 $2 {What can be more natural than
this recapture, however it loses the game.} (22... fxe4 $1 23. fxe4 (23. Nxe4)
23... axb5 24. Naxb5 Rxb5 $1 25. Nxb5 Qg4+) 23. Rh1 $1 Qxf3+ 24. Qxf3 Nxf3 25.
Naxb5 $1 $16 {Probably Black missed this intermediate move.} (25. Kxf3 $2 {
would yield serious counterplay.} b4 $132) 25... Nd4 $2 ({Also after the best} 
25... Bxc3 26. Nxc3 fxe4 27. Ra7 $1 {White is clearly better.}) 26. Nxd6 Red8
27. Ra6 $1 $18 {Now it's over. White just needs to be accurate.} fxe4 (27...
Nc2 $5 {[%cal Gc2b4]}) 28. Ndxe4 Nb5 29. Nxb5 (29. d6 $5) (29. Rd1 $5) 29...
Rxb5 30. d6 Be5 31. Ra7 $1 Rb4 32. Re1 $1 Rf8 33. Re2 $1 Rd4 34. Bh6 $1 Rd8 35.
Bg5 {and the d-pawn is unstoppable without material losses. So Black resigned.}
1-0

[Event "Biel MTO op"]
[Site "Biel"]
[Date "2002.08.02"]
[Round "11"]
[White "Mikhalevski, Victor"]
[Black "Cvitan, Ognjen"]
[Result "1-0"]
[WhiteElo "2520"]
[BlackElo "2574"]
[Annotator "Mikhalevski,V"]
[PlyCount "101"]
[EventDate "2002.07.22"]
[EventType "swiss"]
[EventRounds "11"]
[EventCountry "SUI"]
[SourceTitle "EXT 2003"]
[Source "ChessBase"]
[SourceDate "2002.11.25"]
[SourceVersion "1"]
[SourceVersionDate "2002.11.25"]
[SourceQuality "1"]

1. d4 Nf6 2. c4 e6 3. g3 c5 4. d5 exd5 5. cxd5 d6 6. Nc3 g6 7. Bg2 Bg7 8. Nf3
O-O 9. O-O a6 10. a4 Re8 11. h3 Nbd7 12. Nd2 Rb8 13. Nc4 Nb6 14. Na3 Bd7 15. e4
Nc8 16. Qd3 Qc7 17. Be3 Na7 18. Nc4 $1 $146 {[%csl Ra7][%cal Ga1a7] The most
natural and probably the best move. White makes use of shaky position of the
knight on a7.} ({Earlier White played} 18. Rfc1 $5 {[%csl Rc7][%cal Gb2b4]} b5
19. b4 $1 c4 (19... cxb4 20. Ncxb5 {[%csl Ra7,Rc7]}) 20. Qe2 bxa4 21. Nxc4 Nb5
22. Nxb5 Bxb5 23. e5 $13 {Kortschnoj-Franco Ocampo,Luzern ol 1982}) 18... b5
19. axb5 Nxb5 (19... axb5 20. Nxd6 $1 {This is the point of 18.Nc4!}) 20. Bd2
$1 {I like this move. White is ready to place his bishop on c3 where it is
much better than on e3.} (20. Ne2 {and a draw was agreed in Foisor-Fleck,1985})
({Only several months later Zoler comes with an interesting novelty.} 20. e5 $5
{First White sacrifices a pawn, but then wins it back sacrificng an exchange.}
dxe5 21. Rxa6 Nxc3 22. Qxc3 Bb5 23. Rfa1 $1 Bxa6 24. Rxa6 {and White got a
strong initiative in 1-0 Zoler,D-Bar,R/Tel Aviv ISR 2002/(55)}) 20... Bc8 {
a bit passive move. From the other hand Black defends the a6-pawn keeping the
pressure.} ({Later the same year another game reached this position and Cebalo
played} 20... Nxc3 $146 21. Bxc3 Bb5 22. Rfe1 Nd7 23. Bxg7 Kxg7 24. Qc3+ $14 {
Tkachiev-Cebalo,CRO-chT,2002}) 21. Bf4 {[%csl Rd6] White attacks the main
weakness of black's Benoni, the d6-pawn.} Bf8 22. e5 $5 {Before making this
move I had to calculate a lot of variations and eventually I decided to go for
it even without being sure if it is the best. The main reason for it was a
number of spectacular variations I have seen.} ({More practical decision would
be} 22. Be3 $5 {[%cal Gf2f4] with a long-last edge.}) 22... dxe5 23. Nxb5 $1 {
Avoiding exhange sacrifice.} ({In case of} 23. d6 {Black sacrifices an
exchange for two pawns and has good chances to hold the position.} Nxd6 $5 (
23... Bxd6 24. Nxb5 axb5 {-23.N:b5}) 24. Bxe5 Rxe5 $1 25. Nxe5 Rxb2 $13) 23...
axb5 24. d6 $1 Bxd6 $5 {Interesting practical decision. Black sacrifices an
exchange for a pawn getting an endgame instead of all these complications.} ({
The main reason I played 22.e5 is the following spectacular line:} 24... Qd8
25. Nxe5 Qxd6 ({Maybe better is intermediate} 25... Bf5 $5 26. Qd1 (26. Qa3 $5)
26... Rb6 {[%csl Rd6]} 27. Nc6 Qc8 28. Ra8 $5 Qxa8 29. Ne7+ Bxe7 (29... Rxe7 $5
) 30. Bxa8 Bxd6 {White won a queen but the position remains unclear.}) 26. Ng4
$1 {[%csl Rb8,Rd6,Re8,Rf6,Rg8] This is the point of White's combination. White
sacrifices a Queen but gets a lot of pieces and attack.} ({Unfortunately
didn't work} 26. Qxd6 Bxd6 27. Ng4 {[%csl Rd6,Rf6]} (27. Nxg6 $5 Bxf4 28. Nxf4)
{because of} 27... Re6 $1 {[%csl Gd6,Gf6]}) 26... Qxd3 27. Nxf6+ {[%csl Re8,
Rg8]} Kh8 28. Nxe8 {[%csl Rb8][%cal Gf4e5]} Rb6 $1 {The best defense.} ({
Worse is spectacular} 28... Bxh3 {because of imortant intermediate move} 29.
Rfd1 $1 {and it's not easy to find a good square for the Queen.} (29. Bxb8 Bxg2
30. Be5+ f6 31. Bxf6+ Kg8 32. Kxg2 Qe4+ 33. Kg1 Qxe8 $13) 29... Qc4 (29... Qc2
30. Rd2 Qc4 31. Be5+) 30. Be5+ {[%csl Rh8]}) 29. Rfd1 {with a strong
initiative.}) 25. Qxd6 (25. Nxd6) 25... Qxd6 26. Nxd6 exf4 (26... Re6 $2 {
is just bad} 27. Nxc8 exf4 28. Na7 {and the knight escapes.}) 27. Nxe8 Nxe8 28.
gxf4 (28. Rfd1 {is probably not enough:} Be6 29. g4 Nf6 30. Ra8 Rxa8 31. Bxa8
g5) (28. Rfe1 $5 {was worth trying}) 28... Nf6 {[%csl Rf4][%cal Gf6h5]} 29. Ra7
{[%cal Gf1a1] White exchanges a rook pair,but black still has very good
chances for a draw.} Be6 30. Rfa1 Kf8 $1 {Cvitan brings his king closer to the
centre.} 31. Ra8 Rxa8 32. Rxa8+ Ke7 33. Ra7+ Kd6 34. Ra6+ Ke7 35. Rc6 {Forcing
either passive defense by means of Nd7 or exchange of d an f-pawns.} c4 36. Rb6
Nh5 37. f5 $5 {In order to disorganize Black's forces.} Bxf5 38. Rxb5 Nf4 39.
Rb7+ Kf6 40. Rc7 Nxg2 $2 $138 {A pity mistake after a good defensive play.} ({
After simple} 40... Nd3 {the position is practically equal.}) ({Also enough
for a draw was} 40... Be6 $5 41. Bf1 Ke5 42. Bxc4 Kd6 43. Bxe6 Kxc7 44. Bxf7
Nxh3+) 41. Kxg2 Be6 42. Rc5 $1 $16 {Now Black has to solve serious problems.}
g5 43. Kg3 h6 44. f4 {[%cal Gh3h4] My idea was to force exchange.} gxf4+ ({Or} 
44... Kg6 45. h4 f6 46. f5+ $1 {[%csl Re6,Rg6]} Bxf5 47. h5+ {[%csl Rf5] and
White wins.}) 45. Kxf4 Bxh3 46. Rxc4 {This position should've been won.} h5 47.
Rc5 $1 {[%csl Rh5] White wins a pawn since Black doesn't have time to defend
it.} h4 {Black decides to give up the h-pawn in order to come close to the
b-pawn with his king.} (47... Bg4 48. b4 Ke7 49. b5 Kd8 (49... Kd6 50. b6 $1 {
[%cal Gb6b7]}) 50. b6 Bc8 {The only way to stop the b-pawn. But Black is too
passive and White has enought ime to bring his king to d6.} 51. Ke5 h4 52. Kd6
{[%cal Gc5h5] and White wins}) 48. Rh5 Ke7 49. Rxh4 Be6 50. Rh1 $1 {[%cal
Gh1c1,Gh1d1] White cuts the king from the b-pawn and then brings his own king
for help.} Kd6 51. Rc1 $1 {and Black decided to resign while I was still
expecting some play.} 1-0

[Event "Vlissingen HZ op 05th"]
[Site "Vlissingen"]
[Date "2001.07.30"]
[Round "4"]
[White "Delemarre, Jop"]
[Black "Psakhis, Lev"]
[Result "0-1"]
[WhiteElo "2435"]
[BlackElo "2556"]
[Annotator "Psakhis,L"]
[PlyCount "64"]
[EventDate "2001.07.28"]
[EventType "swiss"]
[EventRounds "9"]
[EventCountry "NED"]
[SourceTitle "CBM 083 Extra"]
[Source "ChessBase"]
[SourceDate "2001.09.11"]
[SourceVersion "1"]
[SourceVersionDate "2001.09.11"]
[SourceQuality "1"]

1. d4 Nf6 2. c4 e6 3. Nf3 c5 $1 4. d5 d6 5. Nc3 exd5 6. cxd5 g6 7. Nd2 Bg7 8.
g3 O-O 9. Bg2 a6 10. a4 Nbd7 11. Nc4 Nb6 12. Na3 Bd7 13. O-O Re8 14. Re1 $5 (
14. e4 Rb8 (14... Qc7 15. h3 Nxa4 16. Nxa4 b5 17. Nxc5 Qxc5 18. Be3 Qc8 19. Rc1
Qd8 20. Bg5 h6 21. Bxf6 Qxf6 22. b3 Rac8 {0-1 Ackermann,D-Brustkern,J/Berlin
op 1998 (31)}) 15. f4 Ng4 16. Qf3 f5 17. h3 Bd4+ 18. Kh1 Nf6 19. e5 dxe5 20.
fxe5 Bxe5 21. a5 Nh5 22. axb6 Nxg3+ 23. Kg1 Nxf1 24. Bxf1 Bd4+ 25. Kh1 Qxb6 {
1-0 Pinho,P-Spraggett,K/POR t-ch Lisboa 1998 (51)}) (14. a5 Nc8 15. Nc4 Bb5 16.
Qb3 Bxc4 17. Qxc4 b5 18. axb6 Nxb6 19. Qh4 Nfd7 20. Bg5 Qb8 21. Ra2 c4 {
0-1 Piankov-Psakhis,L/Irkutsk sf RSFSR 1977/ (35)}) (14. Bd2 Rb8 15. Re1 h5 16.
Rb1 Nxa4 17. Nxa4 b5 18. Bf4 bxa4 19. Bxd6 Rb3 20. Bxc5 Bf5 21. Ra1 Be4 22. Nc4
Bxg2 23. Kxg2 Rb5 {0-1 Neverov,V-Magerramov,E/Baku 1986/Inf 42 (40)}) (14. h3
Rb8) 14... Ng4 $146 (14... Qc7 15. h3 Nxa4 16. Nxa4 b5 17. Nxc5 Qxc5 18. Qd3 b4
19. Nc2 Bb5 20. Qd1 a5 21. Be3 Qc7 22. Nd4 Qb7 23. Nc6 a4 {1-0
Carlhammar-Isaacs/St Martin 1991 (35)}) (14... Rb8 $5) 15. a5 (15. h3 Ne5 {
[%cal Gb6c4]}) 15... Nc8 16. h3 Nf6 17. Nc4 Bb5 18. Qb3 Bxc4 19. Qxc4 Nd7 {
[%cal Gd7e5,Gg7c3]} (19... b5 $5 20. axb6 Nxb6 21. Qh4 Nfd7 $11) 20. Ne4 {
[%cal Gc1g5]} Na7 $1 (20... b5 21. axb6 Ncxb6 22. Qc2 {[%cal Gc1g5,Ge4d2,Gd2c4]
}) 21. Bf4 (21. Nxd6 $2 Ne5 22. Qxc5 Nd3 $1 23. Nxb7 Qd7 24. Qd6 Qxb7 $19)
21... Ne5 22. Qa4 {[%cal Gb2b4]} (22. Qc1 $5) 22... h6 (22... Nb5 23. Bg5 $1 f6
24. Bf4 f5 $140 25. Bg5) 23. g4 $2 (23. b4 c4) (23. Nd2 $5 Nb5 24. Bxe5 Bxe5
25. Nc4 $11) 23... Nb5 24. b4 $6 (24. Nd2 $5) 24... c4 25. Rac1 Rc8 26. Bd2 $1
(26. Qc2 c3 {[%csl Gb5][%cal Ge5c4]}) 26... Re7 {[%cal Gd8e8]} (26... Qh4 $5)
27. Nc3 $6 $138 (27. g5 $1 $132) 27... Nd4 28. Be3 Nd7 29. Ne4 $2 (29. Bxd4
Bxd4 30. e3 Bg7 $36) 29... Nb5 $1 {[%csl Rb5,Rg7]} 30. Qa2 $6 (30. Bf4 Qc7)
30... c3 31. Qb3 Qe8 $1 $19 {[%cal Re7e3]} 32. Qb1 (32. Ng3 Rxe3 33. fxe3 Qxe3+
34. Kh2 Be5) 32... Rc4 0-1

[Event "Vinkovci"]
[Site "Vinkovci"]
[Date "1995.??.??"]
[Round "?"]
[White "Hulak, Krunoslav"]
[Black "Rogic, Davor"]
[Result "0-1"]
[WhiteElo "2545"]
[BlackElo "2460"]
[Annotator "Stohl,I"]
[PlyCount "100"]
[EventDate "1995.04.??"]
[EventType "tourn"]
[EventRounds "11"]
[EventCountry "CRO"]
[EventCategory "9"]
[SourceTitle "CBM 048"]
[Source "ChessBase"]
[SourceDate "1995.10.01"]
[SourceVersion "1"]
[SourceVersionDate "1995.10.01"]
[SourceQuality "1"]

1. d4 Nf6 2. c4 g6 3. g3 Bg7 4. Bg2 O-O 5. Nc3 d6 6. Nf3 c5 7. d5 e6 8. O-O
exd5 9. cxd5 a6 10. a4 Nbd7 11. h3 Re8 12. Nd2 Rb8 13. Nc4 Ne5 14. Na3 Bd7 $5 (
14... Qc7 15. Re1 c4 16. Be3 Nh5 17. a5 f5 18. Bb6 Qe7 19. f4 Nd7 20. Bf2 b5
21. axb6 Nxb6 22. e4 fxe4 23. Rxe4 Qd8 24. Rxe8+ Qxe8 25. Qd2 Qf8 26. Kh2 Bh6
27. Be3 $16 {Huebner,R-Torre,E/Leningrad izt/1973/}) (14... Nh5 15. e4 Bd7 16.
a5 $1 Qxa5 17. g4 Nf6 18. g5 Nh5 19. f4 Nc4 20. Nxc4 Qxa1 21. Nxd6 Bd4+ 22. Kh2
Re7 23. Qf3 b5 24. e5 b4 25. Nce4 $44 {Hulak,K-Nunn,J/Toluca izt/1982/}) 15.
Bg5 $6 $146 (15. f4 Nh5 16. fxe5 Nxg3 (16... Bxe5 17. g4 (17. Ne4 f5 18. Ng5
Nxg3 19. Nc4 Nxe2+ 20. Kh1 Ng3+ 21. Kg1 Bd4+ 22. Kh2 Nxf1+ 23. Qxf1 b5 24. axb5
axb5 25. Na5 Ra8 26. Ne6 Be5+ 27. Kh1 Rxa5 28. Nxd8 Rxa1 $17 {Ginting,
N-Antonio,J/Thessaloniki olm/1988/}) 17... Ng3 18. Rf3 $5 {/\} (18. Nc4 $2 Bxc3
19. bxc3 Bxg4 $1 20. Qd3 (20. hxg4 Nxe2+ 21. Qxe2 $8 Rxe2 $40) 20... Nxe2+ 21.
Kh2 Nxc1 22. Qc2 Be2 23. Rf4 Nd3 24. Re4 Rxe4 25. Bxe4 Nf4 {0-1,Saeed,
S-Norwood,D/London Lloyds Bank op/1984/}) 18... b5 19. axb5 axb5 20. Rb1 b4 21.
Nc4 $16) 17. Rf3 Bxe5 $44) 15... b5 16. f4 (16. axb5 axb5 17. Ne4 (17. Nc2 h6
18. Bf4 b4 $17) 17... Bf5 18. Nxf6+ Bxf6 19. Bxf6 Qxf6 20. e4 Bd7 21. f4 Nc4
$36) 16... Nc4 (16... b4 $2 17. Ne4 $1 bxa3 18. fxe5 $18) 17. Nxc4 bxc4 {
[%cal Gb8b2] |^<->b} 18. Rb1 Qa5 {[%cal Rd7f5] /\Bf5} (18... Bf5 $6 19. e4 $40)
19. e4 (19. g4 h5 $1 20. gxh5 (20. Bxf6 Bxf6 21. gxh5 Bxc3 22. bxc3 Qxc3 $17 {
ק,o^c4}) 20... Nxh5 $17 {[%csl Rb2][%cal Gg7b2] ><b2,/^h8-a1}) 19... Rxb2 $1 (
19... Nh5 $5 $132) 20. Rxb2 Qxc3 21. Re2 $8 (21. Rc2 $6 Qe3+ {[%cal Rd7a4] /
\Ba4-+}) (21. Rbf2 Nxe4 22. Bxe4 Rxe4 $17) 21... Nxe4 $1 22. Rxe4 $2 (22. Bxe4
Rxe4 (22... Qxg3+ 23. Bg2 $16 (23. Rg2 $2 Qe3+)) 23. Rxe4 Qxg3+ 24. Kh1 Qxh3+
25. Kg1 Qg3+ $10) 22... Rxe4 23. Bxe4 Qe3+ 24. Kh2 Qxe4 {[%csl Ra4,Rd5,Rg5,Rh2]
><a4,d5,Kh2,Bg5} 25. Rf2 (25. Re1 Qd4 26. Qe2 h6 $17) 25... h6 26. Re2 (26. Bd8
Bd4 27. Re2 Qxd5 $19) 26... Bxa4 $1 $19 27. Rxe4 (27. Qe1 Qxd5 $19) 27... Bxd1
28. Bd8 (28. Be7 c3 29. Bxd6 c2 30. Rc4 Bb2 $19) 28... c3 29. Re8+ Kh7 30. Ba5
c2 (30... Bb3 $5 31. Bxc3 $8 Bxc3 32. Re3 c4 33. Rxc3 a5 {[%csl Ga5,Gc4] o^a,c}
34. Rc1 a4 35. Ra1 c3 36. Kg1 c2 $19) 31. Bd2 Bb2 32. Rb8 Ba1 (32... c4 $142 $1
33. Rxb2 c3 34. Bc1 cxb2 35. Bxb2 Bf3 $19) 33. Rb6 Be2 (33... c4 $5 34. Rxa6 c3
35. Be3 Bb2 $19) 34. Bc1 (34. Rxd6 c4 (34... Bb2 35. Rb6 c1=Q $2 36. Bxc1 Bxc1
37. d6 Bb5 38. Rxb5 $18) 35. Rb6 c3 36. Bc1 Kg7 $1 (36... Bb5 37. Rxb5 $1 (37.
d6 Bb2 38. Rxb5 (38. Be3 c1=Q 39. Bxc1 Bxc1 40. Rxb5 axb5 41. d7 c2 42. d8=Q
Bb2 $19) 38... Bxc1 $1 39. d7 Bxf4 40. d8=Q c1=Q 41. Qf6 (41. Rb7 Qc2+ 42. Kh1
Qe4+) 41... Qd2+ 42. Kh1 Qe1+ $19) 37... axb5 38. d6 Bb2 39. d7 Bxc1 40. d8=Q
Ba3 (40... Bd2 41. Qe7 Kg7 42. Qe5+ Kf8 43. Qh8+ Ke7 44. Qe5+ $10) 41. Qc7 Kg8
42. Qc8+ (42. Qb8+ $2 Bf8 $19) 42... Kh7 $10) 37. d6 Kf6 {[%cal Re2b5,Ra1b2] /
\Bb5,Bb2-+}) 34... Bb5 35. Rxd6 c4 36. Rc6 $6 (36. Rb6 $142 Kg7 $1 $19) 36...
c3 (36... Bxc6 $2 37. dxc6 $18) 37. Rc7 Bb2 38. Be3 c1=Q 39. Bxc1 Bxc1 40. Rxc3
Bb2 41. Rc7 Kg7 42. Kg2 (42. d6 Kf6 43. d7 (43. Re7 Ba3 $19) 43... Ke7 44.
d8=Q+ Kxd8 45. Rxf7 Bd4 $19 {[%csl Ga6,Gb5,Gd4] ^^,o^a}) 42... Ba3 $19 43. Kf3
a5 44. Ke4 (44. Rb7 Bc4 45. Ke4 a4 $19 {-44.Ke4}) 44... a4 45. Rb7 Bc4 46. Ke5
(46. Rb6 Bb3 47. d6 Kf6 $19) 46... Bb3 47. d6 Bb2+ 48. Ke4 Kf6 49. g4 Ke6 50.
d7 Ke7 {[%cal Ra4a2] /\a3-a2-+} 0-1